000 00665nam a2200253Ia 4500
003 OSt
005 20220918174319.0
006 a|||||r|||| 00| 0
007 ta
008 220917b |||||||| |||| 00| 0 eng d
024 _a11,565
037 _cTextual
040 _aARTS
_cARTS
_beng
041 _2eng
_aeng
082 _a/\2xN31, L81
100 _aPrasad Ram Chandra
_949964
245 0 _aRajneesh
_b the mystic of feeling
250 _a2nd
260 _aDelhi
_bMotilal Banarsidass
_c1978
300 _axii,239p.
_ccm.
650 _aSPIRITUALISM
942 _h/\2xN31, L81
_cTEXL
_2CC
999 _c152656
_d152656